LEADER 00913nam a2200205 i 4500 001 000000254380 003 CaOOAMICUS 005 20170605000000.0 008 170605s1824 it u000 u ita u 013 $a233285 026 $ahel- be). ter- abMa (7) 1824 (A) 040 $aSeMil$bita 245 10$a18. 300 $a255, [1] p., [1] c. di tav. :$bill. 773 0 $aCrevier, Jean Baptiste Louis <1693-1765>$tStoria degli imperatori romani di Crevier e del Basso impero di Le Beau. Versione ridotta a lezione migliore arricchita di annotazioni di un indice generale, con incisioni in rame istoriche e geografiche. Vol. 1.[- 57.].$dVenezia : Dalla Tipografia di Alvisopoli, 1822-1828$g18$w()33725 850 $aSeMil 852 $aSeMil$W1$xVenegono$y1$m3V VII 67 FA$j204726$B204726$CSeMilBibl$Z2$F218253 $8I 941 1 $a10 961 $aRecupero: Mantegazza 996 $6245$a18$9(OLS)http://semarc/title/239914 LEADER 01156nam a2200277 i 4500 001 000000115192 003 CaOOAMICUS 005 20030515000000.0 008 030515s1998 it u000 u ita u 013 $a87880 020 $a88-215-3554-1 040 $aSeMil$bita 100 1 $aPitta, Antonio,$c.$0(OLS)http://semarc/name/20188 240 02$aL'ano liberazione.$0(OLS)http://semarc/title/168636 245 12$aL'anno della liberazione :$bil giubileo e le sue istanze bibliche /$cAntonio Pitta. 260 $aCinisello Balsamo :$bSan Paolo,$c1998. 300 $a138 p. ;$c21 cm. 500 $aFondo Card. C.M. Martini. 650 4$aBibbia - Giubileo.$0(OLS)http://semarc/subject/20683 850 $aSeMil 852 $aSeMil$W1$xVenegono$y1$m2Z III 278$j70724$B70724$CSeMilBibl$Z2$F94628 $81 941 1 $a4 961 $aOmaggio: Martini Card. Carlo Maria 996 $6020$a88-215-3554-1$9(OLS)http://semarc/number/98865 996 $6245$aL'anno della liberazione :$bil giubileo e le sue istanze bibliche$9(OLS)http://semarc/title/168637 996 $6260$aCinisello Balsamo :$bSan Paolo$9(OLS)http://semarc/publisher/30129